MDQL
is popping MORE tags! Check the
thread
!
Quizzes
Events
Quiz Creation
Community
Videos
Private Events
Remove Ads
Sign In
Join for FREE
Feedback
Dark Mode
Quiz Categories
Sports
Geography
Music
Movies
Television
Just For Fun
Miscellaneous
History
Literature
Language
Science
Gaming
Entertainment
Religion
Holiday
For Kids
Quiz Lab
Recent
Popular Today
Quiz Kudos Today
Editor Picks
Curator Picks
Quizzes by...
Day
Popularity
Type
Ratings
Length
Year
Community
Subscriptions
Recent Discussions
Orange Saloon
Badges
Playlists
Quests
Create
Leaderboards
Showdown
Live 5
Trivia Bingo
Activity
Puzzle Library
Sporcle Events
Private Events
Virtual Trivia
Globe League
Become a Host
Pub Owners
SporcleCon
Opinionation
Our Games
Videos
Blog
Mobile Apps
Partnerships
Remove Ads and Go Orange
Feedback
Television
TV Characters
TV Show
Sitcom
Network
Friends
Reality Shows
Cast
South Park
Star Trek
The Simpsons
Doctor Who
Television
TV Characters
TV Show
Sitcom
Network
Friends
Reality Shows
Cast
South Park
Star Trek
The Simpsons
Doctor Who
Random Quiz
Search Sporcle
×
Quiz Lab
Quiz Lab
Television
TV Characters
Type in answers that appear in a list
Type in answers that appear in a list
Classic
Best Score? Go Orange.
Characters in Desperate Housewives Stats
Can you name the Characters in Desperate Housewives?
By
dan_the_man
7m
52 Questions
14K Plays
14,003 Plays
14,003 Plays
Comments
Comments
Give Quiz Kudos
Give Quiz Kudos
-
- Ratings
hide this ad
Replay
Link that replays current quiz
Next Quiz
Link to next quiz in quiz playlist
You Got
0%
They Got
Avg Score
51%
Avg Friend Score
Upgrade to see
Score Distribution
Jump to the score distribution portion of the page
Score
0/52
Timer
07:00
0
Plays Today
Actor/Actress
Character
% Correct
Teri Hatcher
Susan Mayer
98.3%
Eva Longoria Parker
Gabrielle Solis
97.6%
Marcia Cross
Bree Van de Kamp
97.1%
Ricardo Antonio Chavira
Carlos Solis
95.8%
Felicity Huffman
Lynette Scavo
94.7%
James Denton
Mike Delfino
94.3%
Doug Savant
Tom Scavo
90.2%
Nicollette Sheridan
Edie Britt
83.9%
Kyle MacLachlan
Orson Hodge
81.5%
Andrea Bowen
Julie Mayer
81.3%
Brenda Strong
Mary Alice Young
78.9%
Shawn Pyfrom
Andrew Van de Kamp
75.3%
Steven Culp
Rex Van de Kamp
70.5%
Mark Moses
Paul Young
70.1%
Joy Lauren
Danielle Van de Kamp
69.2%
Charlie Carver /
Shane Kinsman
Porter Scavo
66.4%
Jesse Metcalfe
John Rowland
65.5%
Max Carver /
Brent Kinsman
Preston Scavo
65.2%
Darcy Rose Byrnes /
Kendall Applegate
Penny Scavo
64.4%
Dana Delany
Katherine Mayfair
63.7%
Kathryn Joosten
Karen McCluskey
58.8%
Cody Kasch
Zach Young
58.5%
Richard Burgi
Karl Mayer
56.7%
Madison De La Garza
Juanita Solis
56.5%
Joshua Logan Moore /
Zane Huett
Parker Scavo
52.9%
Mason Vale Cotton
M.J. Delfino
52.4%
Actor/Actress
Character
% Correct
Vanessa Williams
Renee Perry
50.3%
Daniella Baltodano
Celia Solis
45.1%
Drea de Matteo
Angie Bolen
44.6%
Alfre Woodard
Betty Applewhite
44.2%
Neal McDonough
Dave Williams
40.6%
Christine Estabrook
Martha Huber
37.5%
Roger Bart
George Williams
37.1%
Tuc Watkins
Bob Hunter
36.8%
Kevin Rahm
Lee McDermott
36.6%
Harriet Sansom Harris
Felicia Tilman
32.4%
Mehcad Brooks
Matthew Applewhite
31.6%
Maiara Walsh
Ana Solis
29.4%
Pat Crawford Brown
Ida Greenberg
28%
John Slattery
Victor Lang
27.2%
Dougray Scott
Ian Hainsworth
25.4%
Josh Zuckerman
Eddie Orlofsky
24.1%
Orson Bean
Roy Bender
23.4%
Gale Harold
Jackson Braddock
22.7%
Emily Bergl
Beth Young
22.6%
Brian Austin Green
Keith Watson
21.6%
Valerie Mahaffey
Alma Hodge
20.4%
John Barrowman
Patrick Logan
19%
Dixie Carter
Gloria Hodge
18.7%
Julie Benz
Robin Gallagher
14.9%
Laurie Metcalf
Carolyn Bigsby
13.6%
Cecilia Balagot
Grace Sanchez
12.3%
Quiz Playlist
Details
Report
Send in Message
Add To Playlist
Classic:
Type in answers that appear in a list
Last Updated: Feb 16, 2017
Quiz Scoreboard
CHALLENGE
Sign Up to Join the Scoreboard
Show All
Scores
Hide
Comments
May contain spoilers
Recently Published
Street Fighter Characters
by Artimus82
Gaming
60s
9x9 Crossword: Cartoon Network
by jackfrog10
Miscellaneous
3m
College Basketball Coaching Resumes
by pancakes188
Sports
9m
More to Explore
Quiz From the Vault
Featured Blog Post
Where Did the Easter Bunny Come From?
hide this ad
You Might Also Like...
Tags
Actor Quiz
Actress Quiz
TV Characters Quiz
Character
Desperate
Desperate Housewives
Housewife
Today's Top Quizzes in Television
Browse Television
hide this ad
Today's Top Quizzes in TV Characters
Browse TV Characters
Top Contributed Quizzes in Television
1
5-to-1: The Simpsons Families
2
Adjectives in 80s TV Shows
3
Adjectives in 00s TV Shows
4
Survivor Journey Challenge
5
5-to-1: Television Doctors
6
7-to-1: TV Show Settings
7
Adjectives in 10s TV Shows
8
5-to-1: Streaming Originals
9
Survivor Seasons
10
Adjectives in 70s TV Shows
Explore More
Trending Topics
NBA
Disney
Harry Potter
Anime
Kpop
Marvel
Crossword
Puzzle
Soccer
Song
Pokémon
The Office
NFL
WWE
Country
hide this ad
More By:
dan_the_man
Quiz
Plays
Rating
Category
Featured
Created
Characters in Desperate Housewives
14,003
3.81
Television
Oct 3, 2009
Characters in Ugly Betty
1,888
3.77
Television
Oct 3, 2009
Pink Songs
1,026
5.00
Music
Oct 3, 2009
GCSE Courses
1,023
4.00
Miscellaneous
Oct 3, 2009
All Girl Groups
804
3.68
Music
Oct 3, 2009
Go to Creator's Profile
Score Distribution
Quiz Creator Spotlight
dan_the_man
Follow
Send a Message
Quizzes Created
-
Created Quiz Play Count
-
More By This Creator
Popular Quizzes Today
1
Find the US States - No Outlines Minefield
2
Find the Countries of Europe - No Outlines Minefield
3
The Countries of the World
4
Find the US States
5
Risky Map Clicking: Biggest States A-Z
6
US States
7
Popular People in 1961
8
Movies - When Are They Set?
More Television Quizzes
TV Shows by Fourth of July Special
Quiz Lab
Trending Quizzes
Risky Map Clicking: Least Populous States A-Z
Countries of the World: 200 Million BC
1-10 Letter G Words
Risky Map Clicking: Next State Alphabetically
Adjectives in 80s TV Shows
Recently Updated
Leaping Animals
pecheneg
Reality TV Shows (A-Z)
bhenderson79
Rickey Henderson's Hall of Fame Teammates
pecheneg
Champions League XIs: Arsenal
pecheneg
Quick Pick: Celebrities in WWE's Hall of Fame
aduchscher
A-Z Keypad Blitz II
pecheneg
Multiple Oscar Actors
pecheneg
Mystery Phrase Blitz: Oscar 'Best Actors'
pecheneg
F. Scott Fitzgerald Novels
LTH
Pick 3 Villains
ddd62291
Trending Topics
Disney
Kpop
Marvel
Crossword
Anime
NBA
Harry Potter
Puzzle
WWE
NFL
Country
Song
The Office
Pokémon
Soccer
Your Account Isn't Verified!
In order to create a playlist on Sporcle, you need to verify the email address you used during registration. Go to your
Sporcle Settings
to finish the process.
Report this User
Report this user for behavior that violates our
Community Guidelines
.
Details:
Send Report
Go to the Sporcle.com Mobile Site →
Comments